000 00227nam a22000857a 4500
008 161024b xxu||||| |||| 00| 0 eng d
100 _9952
_aBalaSubramanian
245 _aPrimary Science
260 _aNew Delhi
_bFrank Publications
_c2012
999 _c3608
_d3608